000 00653nam a2200157 a 4500
008 120416s1974 ||||||||||||||||| || u
020 _a090182223x
050 _aHF 5549.5 Dow
100 _aDownham, M. J
245 1 0 _aPersonnel management
260 _aBerkshire
_bThe Institute of Building
_c1974
300 _a65p. : ill.
350 _a0.00
995 _aMAIN LIBRARY OPEN ACCESS
_D0.00
_e006396
_FCBU-MAIN LIBRARY (Kitwe)
_H2
_I5.70
_jHF 5549.5 Dow
_UAVAILABLE
_y006396
_ZMain Library Open Access Collection
995 _aBINDERY (DAMAGED)
_D0.00
_e711173
_FCBU-MAIN LIBRARY (Kitwe)
_H1
_I5.70
_jHF 5549.5 Dow
_UDAMAGED
_y006395
_ZMain Library Open Access Collection
999 _c81822
_d81822